Slovenčina pre ekonómov III vybrané kapitoly z dejín a reálií Slovenska

Na minha lista:
Detalhes bibliográficos
Autor principal: Kvapil, Roman, 1971-
Autor Corporativo: Ekonomická univerzita v Bratislave. Fakulta aplikovaných jazykov
Outros Autores: Uličná, Martina, 1971-, Stružová, Eva, Spišiaková, Mária, 1973-
Formato: Livro
Idioma:eslovaco
Publicado em: Bratislava Vydavateľstvo EKONÓM 2019
Edição:1. vydanie
Assuntos:
Tags: Adicionar Tag
Sem tags, seja o primeiro a adicionar uma tag!

MARC

LEADER 00000nam a2200000 4500
001 0260492
005 20240502074127.4
020 |a 978-80-225-4658-4 
041 0 |a slo 
044 |a SK 
245 1 0 |a Slovenčina pre ekonómov III  |b vybrané kapitoly z dejín a reálií Slovenska  |c Roman Kvapil, Martina Uličná ; recenzenti: Eva Stružová, Mária Spišiaková 
250 |a 1. vydanie 
264 1 |a Bratislava  |b Vydavateľstvo EKONÓM  |c 2019 
300 |a 129 s. [10,6 AH] 
610 2 0 |a slovenčina 
610 2 0 |a jazyk odborný 
610 2 0 |a ekonómovia 
610 2 0 |a dejiny 
610 2 0 |a reálie 
610 2 0 |a mestá 
610 2 0 |a Slovensko 
100 1 |a Kvapil, Roman, 1971- 
700 1 |a Uličná, Martina, 1971- 
700 1 |a Stružová, Eva 
700 1 |a Spišiaková, Mária, 1973- 
710 2 |a Ekonomická univerzita v Bratislave. Fakulta aplikovaných jazykov